Rural proofing (Record no. 117682)
[ view plain ]
| 000 -LEADER | |
|---|---|
| fixed length control field | 01002cam a2200217 4500 |
| 001 - CONTROL NUMBER | |
| control field | WB@3612-759 |
| 008 - FIXED-LENGTH DATA ELEMENTS--GENERAL INFORMATION | |
| fixed length control field | 040713n2004 000 0 eng u |
| 035 ## - SYSTEM CONTROL NUMBER | |
| System control number | (Sirsi) u126757 |
| 245 ## - TITLE STATEMENT | |
| Title | Rural proofing |
| 260 ## - PUBLICATION, DISTRIBUTION, ETC. | |
| Date of publication, distribution, etc. | 2004 |
| 490 ## - SERIES STATEMENT | |
| Series statement | Countryside Agency Press Release |
| Volume/sequential designation | 7 July 2004 (4) |
| 520 ## - SUMMARY, ETC. | |
| Summary, etc. | The Countryside Agency has published "Rural Proofing in 2003/2004 - a report to the government" (http://www.countryside.gov.uk/WhoWeAreAndWhatWeDo /ca174.asp) which looks at whether government departments have considered the rural implications of their policies. The ODPM has been criticised for relaxing its national housing target for affordable housing in regard to smaller settlements. http://www.countryside.gov.uk/WhoWeAreAndWhatWeDo/ pressCentre/ruralproofingreport.asp |
| 590 ## - LOCAL NOTE (RLIN) | |
| Local note | WB |
| 590 ## - LOCAL NOTE (RLIN) | |
| Local note | WB |
| 650 ## - SUBJECT ADDED ENTRY--TOPICAL TERM | |
| Topical term or geographic name entry element | RURAL COMMUNITIES |
| 650 ## - SUBJECT ADDED ENTRY--TOPICAL TERM | |
| Topical term or geographic name entry element | Affordable housing |
| 9 (RLIN) | 6215 |
| 650 ## - SUBJECT ADDED ENTRY--TOPICAL TERM | |
| Topical term or geographic name entry element | RURAL DEVELOPMENT |
| 650 ## - SUBJECT ADDED ENTRY--TOPICAL TERM | |
| Topical term or geographic name entry element | RURAL PROOFING |
| 690 ## - LOCAL SUBJECT ADDED ENTRY--TOPICAL TERM (OCLC, RLIN) | |
| Topical term or geographic name as entry element | RURAL |
| 9 (RLIN) | 6268 |
| 942 ## - ADDED ENTRY ELEMENTS (KOHA) | |
| Suppress in OPAC | 0 |
| Withdrawn status | Lost status | Source of classification or shelving scheme | Damaged status | Not for loan | Home library | Current library | Shelving location | Date acquired | Total Checkouts | Full call number | Barcode | Date last seen | Copy number | Price effective from | Koha item type |
|---|---|---|---|---|---|---|---|---|---|---|---|---|---|---|---|
| Dewey Decimal Classification | London | London | News article | 13/07/2004 | WB4027-17 | 126757-1001 | 06/08/2019 | 1 | 06/08/2019 | News article |